A Learning guide for allied health students towards community health development / (Record no. 19807)
[ view plain ]
| 000 -LEADER | |
|---|---|
| fixed length control field | 00704nam a2200253 a 4500 |
| 005 - DATE AND TIME OF LATEST TRANSACTION | |
| control field | 20140310183158.0 |
| 008 - FIXED-LENGTH DATA ELEMENTS--GENERAL INFORMATION | |
| fixed length control field | 021107s19uu xx 00 eng d |
| 020 ## - INTERNATIONAL STANDARD BOOK NUMBER | |
| International Standard Book Number | 9789715842976 |
| 050 ## - LIBRARY OF CONGRESS CALL NUMBER | |
| Classification number | RA 422.5 |
| Item number | .Ar668 1999 |
| 100 ## - MAIN ENTRY--PERSONAL NAME | |
| Personal name | Arcaina, Arnold F.D. |
| 245 ## - TITLE STATEMENT | |
| Title | A Learning guide for allied health students towards community health development / |
| Statement of responsibility, etc | Arnold F.D. Arcaina. |
| 260 ## - PUBLICATION, DISTRIBUTION, ETC. (IMPRINT) | |
| Place of publication, distribution, etc | Manila. Philippines : |
| Name of publisher, distributor, etc | C & E Publishing, |
| Date of publication, distribution, etc | 1999. |
| 300 ## - PHYSICAL DESCRIPTION | |
| Extent | 100 p. : |
| Dimensions | 26 cm. |
| 521 ## - TARGET AUDIENCE NOTE | |
| Target audience note | |
| 650 ## - SUBJECT ADDED ENTRY--TOPICAL TERM | |
| Topical term or geographic name as entry element | Community Health. |
| 942 ## - ADDED ENTRY ELEMENTS (KOHA) | |
| Koha item type | Books |
| Source of classification or shelving scheme | Library of Congress Classification |
| Call number prefix | Local |
| Withdrawn status | Lost status | Source of classification or shelving scheme | Damaged status | Home library | Current library | Shelving location | Date acquired | Source of acquisition | Cost, normal purchase price | Total Checkouts | Full call number | Barcode | Date last seen | Copy number | Price effective from | Koha item type |
|---|---|---|---|---|---|---|---|---|---|---|---|---|---|---|---|---|
| Library of Congress Classification | Archives | Archives | 06/07/2010 | Donation | 140.00 | RA 422.5 .Ar668 1999 | C1874 | 05/15/2018 | 1 | 10/10/2013 | Books | |||||
| Library of Congress Classification | Archives | Archives | 12/13/2013 | Donation | RA 422.5 .Ar668 1999 | C4557 | 05/15/2018 | 2 | 12/13/2013 | Books | ||||||
| Library of Congress Classification | Archives | Archives | 01/07/2014 | Donation | RA 422.5 .Ar668 1999 | C4558 | 05/15/2018 | 7 | 01/07/2014 | Books | ||||||
| Library of Congress Classification | College Library | College Library | General Circulation Section | 12/13/2013 | RA 422.5 .Ar668 1999 | C4561 | 05/15/2018 | 3 | 12/13/2013 | Books | ||||||
| Library of Congress Classification | College Library | College Library | General Circulation Section | 12/13/2013 | RA 422.5 .Ar668 1999 | C1875 | 05/15/2018 | 4 | 12/13/2013 | Books | ||||||
| Library of Congress Classification | College Library | College Library | General Circulation Section | 12/13/2013 | RA 422.5 .Ar668 1999 | C1430 | 05/15/2018 | 5 | 12/13/2013 | Books | ||||||
| Library of Congress Classification | College Library | College Library | General Circulation Section | 12/13/2013 | RA 422.5 .Ar668 1999 | C1284 | 05/15/2018 | 6 | 12/13/2013 | Books | ||||||
| Library of Congress Classification | College Library | College Library | Filipiniana Section | 01/28/2016 | Donation | RA 422.5 .Ar668 1999 | C20399 | 05/08/2018 | 01/28/2016 | Books |